000 00876cab a2200241 4500
001 ABS56437
008 090401t1997 xxu||||| |||| 00| 0 eng d
035 _a(Sirsi) u23587
041 _aeng
100 _aSmith, R.
245 _aHealth and safety issues for managers and surveyors
260 _c1997
350 _a0
490 _aCSM (Chartered Surveyor Monthly)
_v6(4) January 1997, 30-31(2)
520 _aExamines the implications of the CDM regulations for property, estates, and facilities management. Lists some questions surveyors should ask themselves about the regulations.
650 _aCONSTRUCTION (DESIGN AND MANAGEMENT) REGULATIONS 1994
650 _aFACILITIES MANAGEMENT
_96240
650 _aHEALTH AND SAFETY
_96244
650 _aProperty management
_96262
690 _aBUILT ENVIRONMENT-BUILDING STANDARDS
942 _n0
948 _c04/03/1997
999 _c15776
_d15776